| 000 | 01002cam a2200301 i 4500 | ||
|---|---|---|---|
| 001 | 16186 | ||
| 003 | DO-SdUEMH | ||
| 005 | 20260122211253.0 | ||
| 007 | ta | ||
| 008 | 211105s2000 xxua|||gr|||| 000 0 spa|d | ||
| 020 | _a0827041799 | ||
| 040 |
_aDO-SdUEMH _bspa _erda |
||
| 041 | _aspa | ||
| 082 | 1 | 4 |
_aRD324.62097293 _mCG |
| 084 | _b09-00561 | ||
| 110 | _aEstados Unidos de Norteamerica : Organización de los Estados Americanos : Secretaría General | ||
| 245 | 1 | 0 | _aObservaciones electorales en la República Dominicana: 16 de Mayo de 2000 / |
| 260 | _c2000 | ||
| 264 | 0 | 1 |
_aWashington, D.C : _c2000 |
| 300 |
_aix, 59 paginas : _bilustraciones ; _c23 cm. |
||
| 336 |
_2rdacontent _atexto _btxt |
||
| 337 |
_2rdamedia _asin mediación _bn |
||
| 338 |
_2rdacarrier _avolumen _bnc |
||
| 490 |
_aObservaciones Electorales, Serie Américas ; _v24 |
||
| 505 | 2 | _aIntroducción -- Observación electoral -- Conclusiones y recomendaciones -- Informe financiero | |
| 942 |
_2ddc _cBK _n0 |
||
| 999 |
_c16186 _d16186 |
||